UBT Library

How arbitration works / (Record no. 40777)

000 -LEADER
fixed length control field 00614cam a2200229 a 4500
001 - CONTROL NUMBER
control field 2386256
005 - DATE AND TIME OF LATEST TRANSACTION
control field 20180123071805.0
008 - FIXED-LENGTH DATA ELEMENTS--GENERAL INFORMATION
fixed length control field 850411s1985 dcu 001 0 eng
010 ## - LIBRARY OF CONGRESS CONTROL NUMBER
LC control number 85009641
020 ## - INTERNATIONAL STANDARD BOOK NUMBER
International Standard Book Number 0871794705
020 ## - INTERNATIONAL STANDARD BOOK NUMBER
International Standard Book Number 0871794713 (student ed.)
040 ## - CATALOGING SOURCE
Original cataloging agency DLC
Transcribing agency DLC
Modifying agency DLC
041 ## - LANGUAGE CODE
Language code of text/sound track or separate title eng
043 ## - GEOGRAPHIC AREA CODE
Geographic area code n-us---
080 ## - UNIVERSAL DECIMAL CLASSIFICATION NUMBER
Universal Decimal Classification number 344.73018914 FRA
082 00 - DEWEY DECIMAL CLASSIFICATION NUMBER
Classification number 344.73018914 FRA
-- 347.30418914
Edition number 19
100 1# - Rafti
Rafti 16
101 ## - Shkurtesa
Shkurtesa JUR
245 10 - TITLE STATEMENT
Title How arbitration works /
Statement of responsibility, etc by Frank Elkouri and Edna Asper Elkouri.
906 ## - LOCAL DATA ELEMENT F, LDF (RLIN)
a 7
b cbc
c orignew
d 1
e ocip
f 19
g y-gencatlg
942 ## - ADDED ENTRY ELEMENTS (KOHA)
Source of classification or shelving scheme
Item type Books
Holdings
Withdrawn status Lost status Source of classification or shelving scheme Damaged status Not for loan Collection code Permanent location Current location Shelving location Date acquired Total Checkouts Full call number Barcode Date last seen Price effective from Koha item type
          Koleksioni i përgjithshem UBT - Lipjan UBT - Lipjan Koleksioni i përgjithshem 01/23/2018   344.73018914 FRA 002-2996071 01/23/2018 01/23/2018 Books
UBT Library © 2015-2024. All rights reserved University Education for Business and Technology